000 00538nam a2200205Ia 4500
005 20250326144146.0
008 250326s9999 xx 000 0 und d
020 _a978-90-04-14568-9
037 _aTextbook
040 _aFMSL
_beng
_cFMSL
041 _aeng
_2eng
084 _aX:5.1 P8
_qFMSL
100 _aRudiger W
_9749145
245 0 _aWTO- Trade in service
_cRudiger W
260 _aUSA
_bUSA, Brill
_c2007
300 _a784p
365 _b8585.2000000000007
942 _cTB
_hX:5.1 P8
999 _c1302606
_d1302606